Modern Machining Processes (Record no. 970)

MARC details
000 -LEADER
fixed length control field 00357nam a2200145Ia 4500
008 - FIXED-LENGTH DATA ELEMENTS--GENERAL INFORMATION
fixed length control field 191201s2005 xx 000 0 und d
082 ## - DEWEY DECIMAL CLASSIFICATION NUMBER
Classification number 621.8
Item number PAM
100 ## - MAIN ENTRY--PERSONAL NAME
Personal name PANDEY, P C
245 #0 - TITLE STATEMENT
Title Modern Machining Processes
250 ## - EDITION STATEMENT
Edition statement 26th
260 ## - PUBLICATION, DISTRIBUTION, ETC. (IMPRINT)
Place of publication, distribution, etc N.Delhi
Name of publisher, distributor, etc Tata Mc Graw Hill Pubg. co. Ltd
Date of publication, distribution, etc 2005
300 ## - PHYSICAL DESCRIPTION
Extent 168
650 ## - SUBJECT ADDED ENTRY--TOPICAL TERM
Topical term or geographic name as entry element B.Tech(ME)
942 ## - ADDED ENTRY ELEMENTS (KOHA)
Source of classification or shelving scheme Dewey Decimal Classification
Koha item type Text Books
Holdings
Withdrawn status Lost status Source of classification or shelving scheme Damaged status Not for loan Collection code Home library Current library Date acquired Source of acquisition Cost, normal purchase price Bill Number Total Checkouts Full call number Acc. no. / Barcode Date last seen Bill Date Koha item type Date last borrowed
    Dewey Decimal Classification     B.Tech(ME) PIET C-LIBRARY PIET C-LIBRARY 09/08/2006 UDH, Delhi 200.00 CM 4732   621.8 PAM 926 04/12/2019 22/08/2005 Text Books  
    Dewey Decimal Classification     B.Tech(ME) PIET C-LIBRARY PIET C-LIBRARY 09/08/2006 UDH, Delhi 200.00 CM 4732   621.8 PAM 927 04/12/2019 22/08/2005 Text Books  
    Dewey Decimal Classification     B.Tech(ME) PIET C-LIBRARY PIET C-LIBRARY 09/08/2006 UDH, Delhi 200.00 CM 4732 1 621.8 PAM 928 14/12/2019 22/08/2005 Text Books 05/12/2019
    Dewey Decimal Classification     B.Tech(ME) PIET C-LIBRARY PIET C-LIBRARY 09/08/2006 UDH, Delhi 200.00 CM 4732 1 621.8 PAM 929 14/12/2019 22/08/2005 Text Books 06/12/2019
    Dewey Decimal Classification     B.Tech(ME) PIET C-LIBRARY PIET C-LIBRARY 24/08/2006 M/s UDH, Delhi 250.00 125382 2 621.8 PAM 3816 01/04/2021 23/08/2005 Text Books 18/03/2021

Design & Developed by: PIET Central Library
R70 Miles Stone Pattikalyana Samalkha Panipat 132102
mail ID :- [email protected], Phone No:- 0180-2569700 Ex.216